Microphysics of clouds and precipitation
Αποθηκεύτηκε σε:
| Κύριος συγγραφέας: | |
|---|---|
| Άλλοι συγγραφείς: | |
| Μορφή: | Βιβλίο |
| Γλώσσα: | English |
| Δημοσίευση: |
Dordrecht :
kluwer Academic Publishers,
c1997
|
| Έκδοση: | 2nd ed., rev. and enl. |
| Σειρά: | Atmospheric and oceanographic sciences library ;
; 18 |
| Θέματα: | |
| Ετικέτες: |
Προσθήκη ετικέτας
Δεν υπάρχουν, Καταχωρήστε ετικέτα πρώτοι!
|
MARC
| LEADER | 00000nam a2200000 i 4500 | ||
|---|---|---|---|
| 001 | 1/26430 | ||
| 008 | 981217s1997 eng d | ||
| 020 | |a 0-7923-4211-9 | ||
| 035 | |l 10037577 | ||
| 040 | |a GR-MY-UA |b gre |e aacr | ||
| 041 | 0 | |a eng | |
| 082 | 0 | |a 551.576 | |
| 100 | 1 | |a Pruppacher, Hans R. |d 1930- | |
| 245 | 1 | 0 | |a Microphysics of clouds and precipitation / |c by Hans R. Pruppacher and James D. Klett |
| 250 | |a 2nd ed., rev. and enl. | ||
| 260 | |a Dordrecht : |b kluwer Academic Publishers, |c c1997 | ||
| 300 | |a 954 p. | ||
| 490 | 1 | |a Atmospheric and oceanographic sciences library |v ; 18 | |
| 500 | |a With an introduction to cloud chemistry and cloud electricity | ||
| 504 | |a Includes index | ||
| 650 | 0 | 0 | |a Cloud physics. |
| 650 | 0 | 0 | |a Microphysics. |
| 650 | 0 | 0 | |a Precipitation (Meteorology) |
| 700 | 1 | |a Klett, James D. |d 1940- | |
| 830 | 0 | |a Atmospheric and oceanographic sciences library ; |v ; 18 | |
| 852 | |a INST |b LESVOS |e 19981217 |h 551.576 PRU |p 005100017342 |q 005100017342 |t BK |y 0 | ||
| 901 | |a BIBL-1999-1 | ||
| 909 | |a Λ |b 061092 | ||
| 922 | |a 1ΕΛΗ |b 199811 |c ΚΠΣ/ΤΠ |d ΠΑΠΑΣΩΤΗΡΙΟΥ | ||
| 950 | |a 107-1998-07-17 | ||